Language Practice - German - Statistics

General Stats
  • This quiz has been taken 137 times
    123 since last reset
  • The average score is 16 of 20
Answer Stats
English German % Correct
Bread Brot
100%
Germany Deutschland
100%
Woman Frau
100%
Friend Freund
100%
Five Fünf
100%
Big Groß
100%
Good Gut
100%
Hello Hallo
100%
Hot Heiß
100%
Today Heute
100%
Yes Ja
100%
Year Jahr
100%
Man Mann
100%
Mother Mutter
100%
No Nein
100%
New Neu
100%
Red Rot
100%
And Und
100%
Two Zwei
100%
Child Kind
93%
Sun Sonne
93%
Please Bitte
92%
House Haus
92%
Four Vier
92%
White Weiß
92%
Ten Zehn
92%
Beer Bier
91%
City Stadt
91%
Thanks Danke
90%
Boy Junge
90%
Morning Morgen
90%
School Schule
89%
Car Auto
88%
Brother Bruder
88%
One Eins
86%
Night Nacht
86%
Come Kommen
85%
Apple Apfel
83%
Book Buch
83%
You Du
83%
Money Geld
83%
Small Klein
83%
Name Name
83%
Or Oder
83%
Tea Tee
83%
Blue Blau
82%
Sister Schwester
81%
Orange Orange
79%
Wine Wein
79%
Water Wasser
78%
Job Beruf
77%
Cold Kalt
77%
Father Vater
77%
Three Drei
75%
Girl Mädchen
75%
Street Straße
75%
Day Tag
75%
When Wann
75%
Black Schwarz
73%
Expensive Teuer
71%
Time Zeit
71%
Evening Abend
70%
Silver Silber
70%
Family Familie
69%
Green Grün
69%
Bad Schlecht
69%
Beautiful Schön
69%
Old Alt
67%
Gray Grau
67%
Always Immer
67%
Tomorrow Morgen
67%
But Aber
64%
Cheap Billig
64%
Yellow Gelb
64%
Bye Tschüss
64%
Because Weil
64%
Purple Lila
60%
Brown Braun
57%
Finished Fertig
46%
Pink Rosa
46%
Yesterday Gestern
43%
Gold Gold
40%
How Wie
40%
If Wenn
38%
Happy Glücklich
36%
Here Hier
0%
No matching quizzes found
Score Distribution
Percent of People with Each Score
Percentile by Number Answered
Your Score History
You have not taken this quiz since the last reset